[Event "Stuttgarter Stadtmeisterschaft"]
[Site "Ditzingen"]
[Date "2008.05.03"]
[Round "6.31"]
[White "Pocrnic, Josip"]
[Black "Riasanow, Nikita"]
[Result "1-0"]
[WhiteElo "1643"]
[BlackElo "1259"]
[PlyCount "102"]
[EventDate "2008.05.??"]
[EventType "swiss"]
[EventRounds "7"]
[EventCountry "GER"]

1. e4 e6 2. d4 d5 3. Nc3 Nf6 4. e5 Nfd7 5. Nce2 c5 6. c3 Nc6 7. Nf3 f6 8. exf6
Nxf6 9. Ne5 Bd6 10. Be3 cxd4 11. Nxc6 bxc6 12. Nxd4 Bd7 13. Nb3 O-O 14. Be2 Qc7
15. Bc5 Ne4 16. Bxd6 Qxd6 17. f3 Ng5 18. O-O Rf5 19. Qd4 Rf4 20. Qe3 h6 21.
Rae1 Rh4 22. g3 Ra4 23. a3 Rb8 24. Bd1 Rc4 25. Nd2 Rc5 26. b4 Rcb5 27. Nb3 R5b6
28. Bc2 Rf8 29. f4 Nh7 30. Bxh7+ Kxh7 31. Nc5 Bc8 32. Nxe6 Rf6 33. Nc5 Bf5 34.
Qd4 Rb8 35. Re5 Rbf8 36. Rfe1 Rg6 37. Nd3 Bxd3 38. Qxd3 Rxf4 39. Re6 Qxe6 40.
Rxe6 Rff6 41. Rxf6 gxf6 42. Qa6 f5 43. Qxa7+ Rg7 44. Qe3 h5 45. a4 h4 46. Kf2
hxg3+ 47. hxg3 Rf7 48. a5 Kg6 49. a6 Kg7 50. a7 Rf8 51. Qe7+ Kg8 1-0

[Event "Stuttgarter Stadtmeisterschaft"]
[Site "Ditzingen"]
[Date "2008.05.03"]
[Round "6.32"]
[White "Schäfer-Siebert, Carsten"]
[Black "Zimmermann, Tobias"]
[Result "1-0"]
[WhiteElo "1565"]
[BlackElo "1642"]
[PlyCount "73"]
[EventDate "2008.05.??"]
[EventType "swiss"]
[EventRounds "7"]
[EventCountry "GER"]

1. f4 d5 2. Nf3 Nf6 3. b3 c5 4. e3 e6 5. Bb2 Be7 6. h3 Nc6 7. Nc3 a6 8. g4 d4
9. exd4 cxd4 10. Ne2 Ne4 11. h4 Bc5 12. Ng5 Nf2 13. Kxf2 d3+ 14. Ke1 dxe2 15.
Qxe2 Nd4 16. Qd3 Qd5 17. Rh2 h6 18. Bg2 Qd6 19. Nf3 Qxf4 20. Bxd4 Qg3+ 21. Kf1
Be7 22. Bxg7 Bc5 23. Bd4 Bxd4 24. Qxd4 Rg8 25. Rh3 Qc7 26. c4 Bd7 27. Qf6 Bc6
28. Re1 Rd8 29. Re2 Rg6 30. Rxe6+ Kf8 31. Qh8+ Rg8 32. Qxh6+ Rg7 33. Re2 Rd6
34. Qf4 Qd7 35. Ne5 Bxg2+ 36. Kxg2 Qe6 37. h5 1-0

[Event "Stuttgarter Stadtmeisterschaft"]
[Site "Ditzingen"]
[Date "2008.05.03"]
[Round "6.33"]
[White "Gheng, Hannelore"]
[Black "Zaytsev, Evgeny"]
[Result "1-0"]
[WhiteElo "1459"]
[BlackElo "1638"]
[PlyCount "93"]
[EventDate "2008.05.??"]
[EventType "swiss"]
[EventRounds "7"]
[EventCountry "GER"]

1. e4 d6 2. d4 Nf6 3. Bd3 e5 4. c3 Nc6 5. d5 Ne7 6. f4 c6 7. c4 exf4 8. Bxf4
Ng6 9. Bg3 Qb6 10. Qe2 Ne5 11. Bxe5 dxe5 12. Nf3 Bg4 13. Qf2 Bxf3 14. Qxb6 axb6
15. gxf3 Nh5 16. Nc3 Bb4 17. Kd2 Nf4 18. a3 Bc5 19. b4 Bd4 20. Ra2 O-O 21. a4
Rfd8 22. Rha1 h5 23. a5 Ng6 24. axb6 Rxa2+ 25. Rxa2 Bxb6 26. c5 cxd5 27. cxb6
dxe4 28. Nxe4 f5 29. Nc5 e4 30. fxe4 fxe4 31. Nxe4 Ne5 32. Nc5 Nc4+ 33. Kc2
Nxb6 34. Nxb7 Rf8 35. Nc5 Rc8 36. Kb3 Re8 37. Ra6 Rb8 38. Bg6 h4 39. Ra7 Rf8
40. Be4 h3 41. Rb7 Rf6 42. Nd7 Nxd7 43. Rxd7 g5 44. Rd5 Rf2 45. Rxg5+ Kh8 46.
Rh5+ Kg7 47. Rxh3 1-0

[Event "Stuttgarter Stadtmeisterschaft"]
[Site "Ditzingen"]
[Date "2008.05.03"]
[Round "6.34"]
[White "Ellinger, Harald"]
[Black "Kruck, Mathias"]
[Result "1-0"]
[WhiteElo "1854"]
[BlackElo "1583"]
[PlyCount "85"]
[EventDate "2008.05.??"]
[EventType "swiss"]
[EventRounds "7"]
[EventCountry "GER"]

1. Nf3 d5 2. d4 Nf6 3. c4 e6 4. Nc3 c6 5. e3 Nbd7 6. Qc2 Bd6 7. Bd3 O-O 8. O-O
e5 9. dxe5 Nxe5 10. Nxe5 Bxe5 11. cxd5 Bxh2+ 12. Kxh2 Ng4+ 13. Kg3 h5 14. Rh1
Nf6 15. f3 cxd5 16. Kf2 d4 17. exd4 Qxd4+ 18. Be3 Qe5 19. Rae1 g5 20. Ne4 Nxe4+
21. Bxe4 h4 22. Qc5 Qg3+ 23. Kf1 f6 24. Bd5+ Kg7 25. Qe7+ Kg6 26. Qxf8 Be6 27.
Bf2 Rxf8 28. Bxg3 Bxd5 29. Bd6 Rd8 30. Bb4 Bc4+ 31. Kf2 Rd5 32. a3 a5 33. Bc3
a4 34. Rd1 Rf5 35. Rd4 b5 36. Rd6 Bb3 37. Re1 g4 38. Re4 gxf3 39. Rxh4 Kg5 40.
Rh8 fxg2+ 41. Kxg2 Bd5+ 42. Kg1 Bc4 43. Rf8 1-0

[Event "Stuttgarter Stadtmeisterschaft"]
[Site "Ditzingen"]
[Date "2008.05.03"]
[Round "6.35"]
[White "Carlacci, Umberto"]
[Black "Baumeister, Jürgen"]
[Result "0-1"]
[WhiteElo "1551"]
[BlackElo "1834"]
[PlyCount "74"]
[EventDate "2008.05.??"]
[EventType "swiss"]
[EventRounds "7"]
[EventCountry "GER"]

1. d4 f5 2. g3 Nf6 3. c4 g6 4. Bg2 Bg7 5. Nc3 O-O 6. Nf3 d6 7. O-O Qe8 8. Qc2
e5 9. dxe5 dxe5 10. Rd1 e4 11. Nd4 c6 12. Bf4 Qe7 13. a3 a5 14. e3 Ne8 15. Nde2
Na6 16. Qd2 Nc5 17. Bd6 Qxd6 18. Qxd6 Nxd6 19. Rxd6 Nd3 20. Nf4 Nxb2 21. Rc1
Nxc4 22. Rdd1 Nxa3 23. Na4 b5 24. Nc5 Re8 25. Rd6 b4 26. Rxc6 a4 27. Nxa4 Bd7
28. Rc7 Bxa4 29. Rb7 Reb8 30. Re7 Bc2 31. Ne6 Bf6 32. Rc7 b3 33. Bf1 Bd3 34.
Bxd3 exd3 35. Nd4 Bxd4 36. exd4 b2 37. Re1 b1=Q 0-1

[Event "Stuttgarter Stadtmeisterschaft"]
[Site "Ditzingen"]
[Date "2008.05.03"]
[Round "6.36"]
[White "Naundorf, Jo-Jan"]
[Black "Mueller, Nils Samuel"]
[Result "1-0"]
[WhiteElo "1479"]
[BlackElo "1738"]
[PlyCount "81"]
[EventDate "2008.05.??"]
[EventType "swiss"]
[EventRounds "7"]
[EventCountry "GER"]

1. e4 e5 2. Nf3 Nc6 3. Bb5 a6 4. Bxc6 dxc6 5. O-O Bg4 6. h3 h5 7. d3 Bxf3 8.
Qxf3 Qf6 9. Nd2 O-O-O 10. b3 Bb4 11. Qxf6 Nxf6 12. Nf3 Bc3 13. Rb1 Rhf8 14. Bg5
Rd6 15. Nh4 Ng8 16. Nf5 Rg6 17. Be3 Rd8 18. a3 Kb8 19. b4 Nh6 20. Ng3 h4 21.
Nf5 Nxf5 22. exf5 Rgd6 23. Bg5 Rh8 24. f4 f6 25. fxe5 Bxe5 26. Bf4 Re8 27. Rbe1
Kc8 28. Bxe5 fxe5 29. Re4 Rf6 30. Rxh4 Ref8 31. g4 g6 32. Rh6 gxf5 33. Rxf6
Rxf6 34. Rxf5 Rxf5 35. gxf5 Kd7 36. Kg2 Ke7 37. Kg3 b6 38. Kg4 Kf7 39. Kg5 c5
40. bxc5 bxc5 41. c4 1-0

[Event "Stuttgarter Stadtmeisterschaft"]
[Site "Ditzingen"]
[Date "2008.05.03"]
[Round "6.37"]
[White "Aleman, Tilman"]
[Black "Meyer, Walter"]
[Result "0-1"]
[WhiteElo "1351"]
[BlackElo "1664"]
[PlyCount "60"]
[EventDate "2008.05.??"]
[EventType "swiss"]
[EventRounds "7"]
[EventCountry "GER"]

1. c4 Nf6 2. Nc3 e6 3. Nf3 d5 4. d4 c6 5. Bg5 Bb4 6. Qb3 Bxc3+ 7. Qxc3 dxc4 8.
Qxc4 Qd5 9. e3 Nbd7 10. Be2 Qa5+ 11. b4 Qd5 12. O-O Qxc4 13. Bxc4 h6 14. Bf4
O-O 15. a4 Nb6 16. Bb3 Nbd5 17. b5 Nxf4 18. exf4 cxb5 19. axb5 b6 20. Rfd1 Bb7
21. Ne5 Nd5 22. Bxd5 Bxd5 23. Nc6 Bxc6 24. bxc6 Rfc8 25. Rdc1 Rc7 26. f3 Rac8
27. Kf2 a5 28. f5 Rxc6 29. Rxc6 Rxc6 30. fxe6 fxe6 0-1

[Event "Stuttgarter Stadtmeisterschaft"]
[Site "Ditzingen"]
[Date "2008.05.03"]
[Round "6.38"]
[White "Florio, Antonio"]
[Black "Aubel, Stefan"]
[Result "1-0"]
[WhiteElo "1750"]
[BlackElo "1634"]
[PlyCount "61"]
[EventDate "2008.05.??"]
[EventType "swiss"]
[EventRounds "7"]
[EventCountry "GER"]

1. d4 d5 2. Nf3 Nf6 3. c4 e6 4. g3 c6 5. Bg2 Bb4+ 6. Bd2 Qa5 7. O-O Nbd7 8. a3
Bxd2 9. Nbxd2 b5 10. b4 Qc7 11. cxb5 cxb5 12. Rc1 Qd6 13. Qc2 Nb6 14. Qc5 Qxc5
15. dxc5 Nc4 16. Nxc4 bxc4 17. Ne5 Rb8 18. e4 Bb7 19. b5 Ba8 20. a4 a6 21. exd5
Nxd5 22. Nxc4 axb5 23. Nd6+ Ke7 24. axb5 Nc7 25. Bxa8 Rxa8 26. Ra1 f6 27. b6
Kd7 28. bxc7 Kxc7 29. Nb5+ Kc6 30. Na7+ Kxc5 31. Rfc1+ 1-0

[Event "Stuttgarter Stadtmeisterschaft"]
[Site "Ditzingen"]
[Date "2008.05.03"]
[Round "6.39"]
[White "Möller, Albrecht"]
[Black "Riepert, Steffen"]
[Result "1/2-1/2"]
[WhiteElo "1629"]
[BlackElo "1579"]
[PlyCount "65"]
[EventDate "2008.05.??"]
[EventType "swiss"]
[EventRounds "7"]
[EventCountry "GER"]

1. e4 e6 2. Qe2 d6 3. Nf3 Nf6 4. Nc3 Be7 5. g3 Bd7 6. Bg2 e5 7. O-O O-O 8. d3
Qc8 9. Bg5 Nc6 10. Be3 Bh3 11. a3 Qd7 12. Rad1 Bxg2 13. Kxg2 a6 14. h3 Rad8 15.
d4 exd4 16. Nxd4 Rfe8 17. f3 Nxd4 18. Rxd4 Qe6 19. Re1 c6 20. Rd3 Nd7 21. Rdd1
f5 22. exf5 Qxf5 23. Qc4+ Kh8 24. Qe4 Qxe4 25. Nxe4 Nf6 26. Bb6 Rd7 27. Nxf6
gxf6 28. Bd4 Kg7 29. Re6 Kf7 30. Rde1 Rdd8 31. b4 c5 32. bxc5 dxc5 33. Bc3
1/2-1/2

[Event "Stuttgarter Stadtmeisterschaft"]
[Site "Ditzingen"]
[Date "2008.05.03"]
[Round "6.40"]
[White "Schäfer-Siebert, Heiko"]
[Black "Awiszus, Thomas"]
[Result "1-0"]
[WhiteElo "1598"]
[BlackElo "1475"]
[PlyCount "63"]
[EventDate "2008.05.??"]
[EventType "swiss"]
[EventRounds "7"]
[EventCountry "GER"]

1. e4 c6 2. d4 d5 3. e5 Bf5 4. Ne2 e6 5. Ng3 Bg6 6. h4 h6 7. h5 Bh7 8. Bd3 Bxd3
9. Qxd3 Qb6 10. c3 c5 11. O-O cxd4 12. cxd4 Ne7 13. Nd2 Nec6 14. Nb3 Nb4 15.
Qc3 N8c6 16. Be3 Rc8 17. a3 Na6 18. f4 Rc7 19. Qd3 Nd8 20. Rab1 Nb8 21. Nd2
Nbc6 22. b4 a5 23. b5 Na7 24. a4 Bb4 25. Nb3 Rc3 26. Qe2 Rc4 27. Rfc1 Rxc1+ 28.
Rxc1 Kd7 29. Nc5+ Ke7 30. Qg4 Rg8 31. f5 Kf8 32. Nd7+ 1-0

[Event "Stuttgarter Stadtmeisterschaft"]
[Site "Ditzingen"]
[Date "2008.05.03"]
[Round "6.41"]
[White "Drapchin, Marc"]
[Black "Matic, Marijo"]
[Result "1/2-1/2"]
[WhiteElo "1814"]
[BlackElo "1462"]
[PlyCount "94"]
[EventDate "2008.05.??"]
[EventType "swiss"]
[EventRounds "7"]
[EventCountry "GER"]

1. e4 e5 2. Bc4 Nc6 3. a3 Nf6 4. d3 Be7 5. Nf3 O-O 6. O-O d6 7. h3 h6 8. b4 a6
9. Bb2 b5 10. Ba2 Nb8 11. Nc3 c6 12. Qe2 Nbd7 13. Nh2 Re8 14. Qf3 Nf8 15. Ne2
Be6 16. c4 Rc8 17. Rac1 Qd7 18. Ng3 Ng6 19. Qd1 Nf4 20. Ne2 N6h5 21. Nxf4 Nxf4
22. Qf3 Bg5 23. Rc2 h5 24. Bc1 g6 25. Bxf4 Bxf4 26. Rd1 Qe7 27. g3 Bh6 28. g4
Qg5 29. Qg2 Kh7 30. Nf3 Qf4 31. Nh2 f5 32. f3 h4 33. Qf2 Qe3 34. Kg2 Qxf2+ 35.
Kxf2 f4 36. Nf1 g5 37. Nd2 Bg7 38. Nb3 Bf8 39. Rdc1 Kg7 40. Na5 Be7 41. Bb1 Bd7
42. Nb7 Rc7 43. cxb5 axb5 44. Na5 Rec8 45. Ba2 c5 46. Bd5 Rb8 47. Nb3 Rbc8
1/2-1/2

[Event "Stuttgarter Stadtmeisterschaft"]
[Site "Ditzingen"]
[Date "2008.05.03"]
[Round "6.42"]
[White "Sigmund, Wolfgang"]
[Black "Behm, Wilfried"]
[Result "1/2-1/2"]
[WhiteElo "1436"]
[BlackElo "1860"]
[PlyCount "98"]
[EventDate "2008.05.??"]
[EventType "swiss"]
[EventRounds "7"]
[EventCountry "GER"]

1. d4 d5 2. c4 c6 3. cxd5 cxd5 4. Bf4 Nc6 5. e3 Nf6 6. Nc3 a6 7. Bd3 e6 8. Nf3
Be7 9. h3 O-O 10. O-O Nb4 11. Be2 b5 12. a3 Nc6 13. Rc1 Bb7 14. Ne5 Na5 15. Bf3
Rc8 16. b4 Nc4 17. Nxc4 Rxc4 18. Be2 Rc8 19. Rc2 Qd7 20. Qb1 h6 21. Rfc1 Ne8
22. Bd3 Nd6 23. Bxd6 Bxd6 24. f4 Bb8 25. Nd1 Rxc2 26. Rxc2 Rc8 27. Qc1 Ba7 28.
Nf2 Bb6 29. Be2 Ra8 30. Qb2 Re8 31. Nd3 Qe7 32. Qc1 f6 33. Bh5 Rd8 34. Kh1 Kh7
35. Bg4 f5 36. Bf3 g5 37. g3 Rg8 38. Rg2 gxf4 39. gxf4 Rxg2 40. Bxg2 a5 41. Kh2
axb4 42. axb4 Qd8 43. Bf1 Qa8 44. Qc2 Qa4 45. Qc1 Qa2+ 46. Kg3 Qc4 47. Qb1 Qc3
48. Qc1 Qc4 49. Qb1 Qc3 1/2-1/2

[Event "Stuttgarter Stadtmeisterschaft"]
[Site "Ditzingen"]
[Date "2008.05.03"]
[Round "6.43"]
[White "Cummings, Orlyn"]
[Black "Srokovskiy, Andrea"]
[Result "1/2-1/2"]
[WhiteElo "1429"]
[BlackElo "1604"]
[PlyCount "35"]
[EventDate "2008.05.??"]
[EventType "swiss"]
[EventRounds "7"]
[EventCountry "GER"]

1. e4 c5 2. Nf3 a6 3. d4 cxd4 4. Nxd4 Nf6 5. Nc3 e5 6. Nb3 Bb4 7. Qd3 Qc7 8.
Bd2 O-O 9. a3 Be7 10. Bg5 d6 11. Bxf6 Bxf6 12. Nd5 Qd8 13. Rd1 Nc6 14. Nxf6+
Qxf6 15. Qxd6 Be6 16. Be2 Qf4 17. Qd3 Rad8 18. Qf3 1/2-1/2

[Event "Stuttgarter Stadtmeisterschaft"]
[Site "Ditzingen"]
[Date "2008.05.03"]
[Round "6.44"]
[White "Wolf, Adam"]
[Black "Schmitz, Harald"]
[Result "1/2-1/2"]
[WhiteElo "1398"]
[BlackElo "1559"]
[PlyCount "100"]
[EventDate "2008.05.??"]
[EventType "swiss"]
[EventRounds "7"]
[EventCountry "GER"]

1. c4 e5 2. g3 Nf6 3. Bg2 Be7 4. Nf3 d6 5. Nc3 O-O 6. O-O Nc6 7. d4 exd4 8.
Nxd4 Nxd4 9. Qxd4 Nd7 10. b4 Bf6 11. Qd2 Ne5 12. c5 dxc5 13. Qf4 Ng6 14. Qc4
cxb4 15. Qxb4 c6 16. Rb1 Be6 17. a4 a5 18. Qc5 Be7 19. Qe3 Qc7 20. Ne4 Rfd8 21.
Nc5 Bxc5 22. Qxc5 Rd7 23. Be3 Qe5 24. f4 Qxc5 25. Bxc5 Bc4 26. Rfe1 Nf8 27. e4
Ne6 28. Bh3 Nxc5 29. Bxd7 Nxd7 30. Rxb7 Nf8 31. Rc7 Bb3 32. Rxc6 Bxa4 33. Rc5
Bb3 34. Ra1 a4 35. Rc3 Rd8 36. h4 Rd1+ 37. Rxd1 Bxd1 38. Rc8 g6 39. Kf2 Kg7 40.
Ke3 Bb3 41. Ra8 Nd7 42. f5 Nb6 43. f6+ Kh6 44. Ra6 Nc4+ 45. Kf4 Nb2 46. e5 Be6
47. g4 Nd3+ 48. Kg3 g5 49. hxg5+ Kxg5 50. Rxe6 a3 1/2-1/2

[Event "Stuttgarter Stadtmeisterschaft"]
[Site "Ditzingen"]
[Date "2008.05.03"]
[Round "6.45"]
[White "Lin, Jean-Claude"]
[Black "Romer, Reinhard"]
[Result "1/2-1/2"]
[WhiteElo "1396"]
[BlackElo "1516"]
[PlyCount "69"]
[EventDate "2008.05.??"]
[EventType "swiss"]
[EventRounds "7"]
[EventCountry "GER"]

1. e4 c5 2. Nf3 Nf6 3. Nc3 d6 4. d4 cxd4 5. Nxd4 a6 6. Bg5 Nbd7 7. Bd3 h6 8.
Bh4 Qb6 9. Nb3 e6 10. O-O Be7 11. Kh1 Ne5 12. f4 Neg4 13. Qf3 g5 14. e5 gxh4
15. exf6 Nxf6 16. Ne2 Bd7 17. Nbd4 Rg8 18. h3 e5 19. fxe5 dxe5 20. Qe3 exd4 21.
Nxd4 Rg3 22. Qf2 O-O-O 23. Rae1 Bc5 24. Qxf6 Bxd4 25. Qxh4 Rdg8 26. Re4 Bc6 27.
Qf4 Bxe4 28. Bxe4 f6 29. Rd1 Be5 30. Qd2 R3g7 31. Qxh6 Qf2 32. Qd2 Qxd2 33.
Rxd2 Bxb2 34. c4 Rd8 35. Rxb2 1/2-1/2

[Event "Stuttgarter Stadtmeisterschaft"]
[Site "Ditzingen"]
[Date "2008.05.03"]
[Round "6.46"]
[White "Giugno, Carmelo"]
[Black "Stiller, Norbert"]
[Result "0-1"]
[WhiteElo "1503"]
[BlackElo "1239"]
[PlyCount "44"]
[EventDate "2008.05.??"]
[EventType "swiss"]
[EventRounds "7"]
[EventCountry "GER"]

1. d4 Nf6 2. c4 d6 3. Nc3 g6 4. Bg5 Bg7 5. e4 b6 6. e5 dxe5 7. dxe5 Qxd1+ 8.
Rxd1 Ng4 9. Nd5 Bxe5 10. Nxe7 Bb7 11. Nxg6 fxg6 12. h3 Nf6 13. b3 O-O 14. Ne2
Na6 15. f4 Bd6 16. Rd4 Bc5 17. Rd1 Bb4+ 18. Kf2 Bc5+ 19. Ke1 Ne4 20. Rd7 Bb4+
21. Kd1 Nf2+ 22. Kc1 Nxh1 {Partieformular unvollstaendig / unleserlich} 0-1

[Event "Stuttgarter Stadtmeisterschaft"]
[Site "Ditzingen"]
[Date "2008.05.03"]
[Round "6.47"]
[White "Grözinger, Werner"]
[Black "Meinecke, Klaus-Hinrich"]
[Result "0-1"]
[WhiteElo "1451"]
[BlackElo "1869"]
[PlyCount "66"]
[EventDate "2008.05.??"]
[EventType "swiss"]
[EventRounds "7"]
[EventCountry "GER"]

1. c4 Nf6 2. Nc3 e6 3. d4 Bb4 4. Bd2 O-O 5. e3 b6 6. a3 Be7 7. Nf3 Ba6 8. b4 d5
9. b5 Bb7 10. Be2 Ne4 11. O-O f5 12. Ne5 Nd7 13. Nd3 Nxd2 14. Qxd2 dxc4 15. Nf4
Nc5 16. Bxc4 Rf6 17. Qa2 g5 18. Nxe6 Nxe6 19. Bxe6+ Kg7 20. Bc4 Qd6 21. d5 Rh6
22. f3 Bf6 23. Rac1 f4 24. Ne4 Qd7 25. exf4 gxf4 26. g3 Bd4+ 27. Kh1 Rg8 28. g4
Rf8 29. Kg2 Qe7 30. h3 Qh4 31. Rh1 Re8 32. Qb3 Rxe4 33. Rc2 Qg3+ 0-1

[Event "Stuttgarter Stadtmeisterschaft"]
[Site "Ditzingen"]
[Date "2008.05.03"]
[Round "6.48"]
[White "Wendland, Tobias"]
[Black "König, Torsten"]
[Result "0-1"]
[WhiteElo "1423"]
[BlackElo "1746"]
[PlyCount "74"]
[EventDate "2008.05.??"]
[EventType "swiss"]
[EventRounds "7"]
[EventCountry "GER"]

1. d4 d5 2. c4 c6 3. Nc3 Nf6 4. Nf3 e6 5. Bg5 Nbd7 6. e3 Qa5 7. a3 Ne4 8. Qc2
Nxg5 9. Nxg5 dxc4 10. Bxc4 Qxg5 11. h4 Qa5 12. O-O Bd6 13. Qe4 Nf6 14. Qf3 Qh5
15. Qxh5 Nxh5 16. g4 Nf6 17. Kh1 Bd7 18. Rg1 c5 19. f4 Bc6+ 20. Kh2 h5 21. g5
Ng4+ 22. Kg3 Nxe3 23. Bd3 cxd4 24. Nb5 Bxb5 25. Bxb5+ Ke7 26. Kf3 g6 27. Ke4
Rhc8 28. Kxd4 Nc2+ 29. Kd3 Nxa1 30. Rxa1 Rc5 31. Bc4 Rac8 32. Ba2 Bxf4 33. Rf1
Bg3 34. Rf6 R8c6 35. Ke3 Bxh4 36. Kf4 Rf5+ 37. Rxf5 gxf5 0-1

[Event "Stuttgarter Stadtmeisterschaft"]
[Site "Ditzingen"]
[Date "2008.05.03"]
[Round "6.49"]
[White "Trobonjaca, Milos"]
[Black "Haro, Niel"]
[Result "1-0"]
[WhiteElo "1687"]
[BlackElo "1475"]
[PlyCount "105"]
[EventDate "2008.05.??"]
[EventType "swiss"]
[EventRounds "7"]
[EventCountry "GER"]

1. d4 c6 2. Bf4 d5 3. g3 Nf6 4. Bg2 e6 5. Nc3 Bb4 6. Bd2 Nbd7 7. Nf3 Qc7 8. O-O
h5 9. Bg5 Bxc3 10. bxc3 Ne4 11. Bf4 Qa5 12. Bd2 Qd8 13. h4 b6 14. Ng5 Nef6 15.
a4 a5 16. Rb1 Ba6 17. Bf3 O-O 18. Re1 e5 19. e4 Re8 20. Bxh5 g6 21. Bf3 Rb8 22.
Bg2 Bc4 23. Rb2 Re7 24. Nh3 Qe8 25. Bg5 Re6 26. f4 dxe4 27. dxe5 Nd5 28. h5 f5
29. Qd4 Ba6 30. h6 Ne7 31. Rbb1 c5 32. Qd2 Rd8 33. Red1 Kh8 34. Bh4 Rc6 35. Ng5
Qg8 36. Nxe4 Qe6 37. Nf6 Rc7 38. Nd5 Nxd5 39. Bxd8 Rc8 40. Bxd5 Qe8 41. Bg5 Rc7
42. c4 Bb7 43. Qh2 Kh7 44. Qg2 Bc8 45. Bc6 Qe6 46. Bd5 Qe8 47. Rd2 Ba6 48. Rbd1
Bc8 49. Bc6 Qe6 50. Bb5 Bb7 51. Rxd7+ Rxd7 52. Rxd7+ Qxd7 53. Bxd7 1-0

[Event "Stuttgarter Stadtmeisterschaft"]
[Site "Ditzingen"]
[Date "2008.05.03"]
[Round "6.50"]
[White "Brosig, Michael"]
[Black "Pillath, Marcus"]
[Result "1/2-1/2"]
[WhiteElo "1504"]
[BlackElo "1738"]
[PlyCount "26"]
[EventDate "2008.05.??"]
[EventType "swiss"]
[EventRounds "7"]
[EventCountry "GER"]

1. c4 Nf6 2. Nc3 g6 3. Nf3 Bg7 4. d4 d6 5. Bf4 O-O 6. e3 Re8 7. Be2 Nbd7 8. O-O
Nh5 9. Bg5 Nhf6 10. Rc1 Nf8 11. Qb3 b6 12. Rfd1 N8d7 13. d5 Bb7 1/2-1/2

[Event "Stuttgarter Stadtmeisterschaft"]
[Site "Ditzingen"]
[Date "2008.05.03"]
[Round "6.51"]
[White "Tessmer, Hans-Peter"]
[Black "Parvin, Shahram"]
[Result "0-1"]
[WhiteElo "1610"]
[BlackElo "1467"]
[PlyCount "100"]
[EventDate "2008.05.??"]
[EventType "swiss"]
[EventRounds "7"]
[EventCountry "GER"]

1. e4 e6 2. d4 d5 3. Nc3 c5 4. exd5 cxd4 5. Qxd4 Nc6 6. Qd1 Nb4 7. a3 Nxd5 8.
Nxd5 Qxd5 9. Qxd5 exd5 10. Nf3 Nf6 11. Bb5+ Bd7 12. Bxd7+ Nxd7 13. O-O O-O-O
14. Bf4 f6 15. Rfe1 Bc5 16. Re6 g5 17. Bd2 d4 18. Rae1 h5 19. Kf1 Rhf8 20. Ba5
Nb6 21. Bxb6 Bxb6 22. R6e4 f5 23. Re7 g4 24. Ng5 Rd7 25. Ne6 Rxe7 26. Nxf8 Kd8
27. Ne6+ Kd7 28. Nf4 Rxe1+ 29. Kxe1 h4 30. g3 Bc7 31. Nd3 hxg3 32. hxg3 Kd6 33.
Kd2 Kd5 34. Ke2 b6 35. Kd2 Bd8 36. Ke2 Ke4 37. Nf4 Bg5 38. Nd3 a5 39. Ne1 f4
40. gxf4 Bxf4 41. f3+ gxf3+ 42. Nxf3 Bc1 43. Nd2+ Kd5 44. b3 Bxa3 45. Nc4 Bc5
46. Kd3 Kc6 47. Ke4 Kb5 48. Kd3 Kb4 49. Kd2 a4 50. bxa4 Kxc4 0-1

[Event "Stuttgarter Stadtmeisterschaft"]
[Site "Ditzingen"]
[Date "2008.05.04"]
[Round "7.1"]
[White "Koss, Dietrich"]
[Black "Kang, Moon-Gu"]
[Result "0-1"]
[WhiteElo "1700"]
[BlackElo "1797"]
[PlyCount "66"]
[EventDate "2008.05.??"]
[EventType "swiss"]
[EventRounds "7"]
[EventCountry "GER"]

1. e4 c5 2. d4 cxd4 3. c3 dxc3 4. Nxc3 d6 5. Bc4 e6 6. Nf3 Nc6 7. O-O Be7 8.
Qe2 a6 9. Rd1 Qc7 10. Bf4 Nf6 11. Rac1 O-O 12. a3 Rd8 13. h3 Nd7 14. b4 Nde5
15. Bb3 Qb8 16. Nxe5 dxe5 17. Be3 Nd4 18. Qa2 b5 19. Ne2 Bf6 20. Kf1 Bb7 21. f3
a5 22. Qb2 axb4 23. axb4 Qd6 24. Rc5 Ba6 25. Ra1 Rac8 26. Kf2 Rxc5 27. bxc5 Qc6
28. Qa3 Bb7 29. Qb4 Bh4+ 30. g3 Bf6 31. Bd1 Be7 32. Nxd4 exd4 33. Bxd4 Rxd4 0-1

[Event "Stuttgarter Stadtmeisterschaft"]
[Site "Ditzingen"]
[Date "2008.05.04"]
[Round "7.2"]
[White "Helfrich, Leo"]
[Black "Rix, Michael"]
[Result "0-1"]
[WhiteElo "1712"]
[BlackElo "1820"]
[PlyCount "91"]
[EventDate "2008.05.??"]
[EventType "swiss"]
[EventRounds "7"]
[EventCountry "GER"]

1. d4 Nf6 2. Nf3 e6 3. Bf4 d5 4. e3 Nbd7 5. Bd3 Be7 6. Nbd2 b6 7. O-O Bb7 8. c3
O-O 9. Qc2 c5 10. Ne5 c4 11. Be2 b5 12. Bg3 Ne4 13. f3 Nxg3 14. hxg3 Nxe5 15.
dxe5 Bc5 16. Kf2 Qb6 17. Rh1 Bxe3+ 18. Ke1 g6 19. Nf1 Bf2+ 20. Kd1 d4 21. Qd2
Be3 22. Nxe3 dxe3 23. Qe1 Rad8+ 24. Kc1 Rd2 25. g4 Qd8 26. Bxc4 bxc4 27. Qxe3
Rd7 28. Kc2 f6 29. Rhd1 Rxd1 30. Rxd1 Qb6 31. Qd2 fxe5 32. Qd7 Bd5 33. Rh1 Qb7
34. Qd6 e4 35. f4 Qf7 36. g3 Qb7 37. Re1 Rb8 38. Qa3 Qb6 39. Re2 Qg1 40. Qd6
Rb7 41. f5 Qf1 42. Rd2 e3 43. Rxd5 Qf2+ 44. Kd1 e2+ 45. Kc2 e1=Q+ 46. Rd2 0-1

[Event "Stuttgarter Stadtmeisterschaft"]
[Site "Ditzingen"]
[Date "2008.05.04"]
[Round "7.3"]
[White "Schestibrat, Dennis"]
[Black "Feller, Florian"]
[Result "0-1"]
[WhiteElo "1727"]
[BlackElo "1794"]
[PlyCount "44"]
[EventDate "2008.05.??"]
[EventType "swiss"]
[EventRounds "7"]
[EventCountry "GER"]

1. e4 c5 2. Nc3 Nc6 3. f4 g6 4. Nf3 Bg7 5. Bc4 d6 6. O-O e6 7. d3 Nge7 8. Qe1
O-O 9. Qh4 Na5 10. f5 gxf5 11. Bg5 f6 12. exf5 Nxf5 13. Bxe6+ Bxe6 14. Qe4 Qd7
15. Rae1 Rae8 16. Nd5 fxg5 17. Nxg5 Bf7 18. Qg4 Bxd5 19. Rxe8 Qxe8 20. Nxh7
Kxh7 21. Rxf5 Qe1+ 22. Rf1 Qxf1# 0-1

[Event "Stuttgarter Stadtmeisterschaft"]
[Site "Ditzingen"]
[Date "2008.05.04"]
[Round "7.4"]
[White "Ölke, Erhard"]
[Black "Lautenbach, Ulrich"]
[Result "1-0"]
[WhiteElo "1741"]
[BlackElo "1663"]
[PlyCount "65"]
[EventDate "2008.05.??"]
[EventType "swiss"]
[EventRounds "7"]
[EventCountry "GER"]

1. e4 c6 2. d4 d5 3. e5 Bf5 4. Nd2 e6 5. Nb3 Nd7 6. Be3 Ne7 7. Nf3 Bg6 8. Nh4
Nf5 9. Nxf5 Bxf5 10. Bd3 Bxd3 11. Qxd3 Qc7 12. f4 g6 13. c3 Rc8 14. O-O c5 15.
Qe2 c4 16. Nd2 Be7 17. g4 Rg8 18. Nf3 Nf8 19. g5 h5 20. gxh6 Rh8 21. Kh1 Kd7
22. Ng5 f6 23. exf6 Bxf6 24. Nf7 Rh7 25. Ne5+ Kd6 26. Ng4 Qe7 27. Rae1 Re8 28.
Bc1 Bh4 29. Rd1 Qf7 30. b3 b5 31. Qe5+ Kc6 32. bxc4 dxc4 33. Qc5+ 1-0

[Event "Stuttgarter Stadtmeisterschaft"]
[Site "Ditzingen"]
[Date "2008.05.04"]
[Round "7.5"]
[White "Henninger, Jakob"]
[Black "Huynh, Nhi Lang"]
[Result "1/2-1/2"]
[WhiteElo "1730"]
[BlackElo "1730"]
[PlyCount "35"]
[EventDate "2008.05.??"]
[EventType "swiss"]
[EventRounds "7"]
[EventCountry "GER"]

1. Nf3 d5 2. c4 c6 3. g3 Nf6 4. b3 Bf5 5. Bb2 e6 6. Bg2 Bd6 7. O-O Nbd7 8. d4
b6 9. Nc3 Rc8 10. Nd2 h5 11. e4 dxe4 12. Ndxe4 Bb8 13. Re1 Nxe4 14. Nxe4 Nf6
15. Qe2 Nxe4 16. Bxe4 Bxe4 17. Qxe4 O-O 18. Rad1 1/2-1/2